000 00623nam a22002417a 4500
003 UA-OsUOA
001 69128
007 ta
008 20100609b un ||||| |||| 00| 0 ukr d
100 _aНегиши Т.
090 _a330(091)
_bН41
942 _cBK
040 _aUA-OsUOA
_brus
_cUA-OsUOA
_dUA-OsUOA
245 _aИстория экономической теории
300 _a462 с.
955 _a2
041 _arus
080 _a330(091)
020 _a5-86318-103-6
260 _aМ.
_bОА АСПЕКТ ПРЕСС
_c1995
650 7 _a330 Економіка взагалі
_2UDC
999 _c355381
_d355381